000 00299nam a22001337a 4500
008 181122b xxu||||| |||| 00| 0 eng d
020 _a9780696225918
041 _aeng
080 _24th
_a618
100 _a10
101 _aGJIN
245 _aYour Pregnancy & Birth
_cDattel.B.J
942 _2udc
_cBK
999 _c52347
_d52347